000 00768nam a2200217 a 4500
001 000006695
005 20250621074005.0
008 090902s1994 dr 001 0 spa d
040 _aDO-SdBNP
_bspa
_cBNPHU
082 _a320.97293
_bM334d
100 1 _aMaríñez, Pablo A.
_95748
245 1 0 _aDemocracia y procesos electorales en República Dominicana /
_cPablo A. Maríñez.
260 _aSanto Domingo :
_bAlfa y Omega,
_c1994.
300 _a271 p. ;
_c21 cm.
500 _aIncluye referencias bibliográficas
590 _aInventariado,2018/LP
650 4 _aDemocracia
_zRepública Dominicana
_96412
650 4 _aElecciones
_zRepública Dominicana
_92992
651 0 _aRepública Dominicana
_xPolítica y gobierno
_945
910 _aValidado. Control de calidad MFF
999 _c6484
_d6484